| 000 | 00594nam a2200229 a 4500 | ||
|---|---|---|---|
| 001 | 0001-1426 | ||
| 003 | ELIB.Books | ||
| 008 | 160902 2010 eng | ||
| 020 | _a0446693111 | ||
| 035 | _a(ELIB.Books)0001-1581 | ||
| 092 |
_a253 _bMax |
||
| 100 | _aMaxwell, John C. | ||
| 245 | _aToday Matters : 12 Daily Practices to Guarantee Tomorrow's Success | ||
| 260 |
_aNew York _bWarner Faith _c2004 |
||
| 300 |
_a309 _c21 Cm |
||
| 650 | _aLeadership | ||
| 856 |
_nKBTS Library _uKBTS: ELIB |
||
| 942 |
_2ddc _cBK |
||
| 990 | _a1 | ||
| 998 |
_cbat _e2016-09-02 |
||
| 999 |
_c11426 _d11426 |
||